| 000 | 00397nam a2200157Ia 4500 | ||
|---|---|---|---|
| 008 | 230711s9999||||xx |||||||||||||| ||und|| | ||
| 041 | _aENG | ||
| 082 |
_a621 _bST-C |
||
| 100 | _aStefani,Raymond T | ||
| 245 | 0 | _aDesign of feedback control systems | |
| 250 | _a4th . Ed. | ||
| 260 |
_c2004 _aNew York _bOxford University Press |
||
| 300 | _a848 | ||
| 650 | _aElectrical Engineering | ||
| 942 | _cBK | ||
| 999 |
_c4507 _d4507 |
||